Gaming Quiz

Random Gaming or Clickable Quiz
Score 0/20 Timer 05:00
0 Plays Today
% Correct
Bowser
77.8%
Joker
76.8%
Albert Wesker
73.3%
Ganondorf
70.4%
Zeus
66%
Shao Kahn
65.8%
King DeDeDe
65.8%
Walkers
60.1%
Wolf
58.4%
Master Hand
58.2%
% Correct
Alduin
53.3%
Vladimir Makarov
51.6%
Handsome Jack
51.3%
Prophet of Truth
47.4%
Vaas Montenegro
45%
Didact
36.2%
Dutch Van Der Linde
35.9%
Nikita Dragovich
34.5%
Raul Menendez
32.3%
Beast
29.8%
Remove Ads.
Support Sporcle.
Get the best of Sporcle when you Go Orange. This ad-free experience offers more features, more stats, and more fun while also helping to support Sporcle. Thank you for becoming a member.

You're not logged in!

Compare scores with friends on all Sporcle quizzes.
OR
Log In

Show Comments

Extras

Created Sep 18, 2013ReportNominate
Tags:Clickable Quiz, Video, Villains

Top Quizzes Today


Score Distribution

Your Account Isn't Verified!

In order to create a playlist on Sporcle, you need to verify the email address you used during registration. Go to your Sporcle Settings to finish the process.

Report this User

Report this user for behavior that violates our Community Guidelines.

Details: